| 000 | 00943nam a2200241 i 4500 | ||
|---|---|---|---|
| 001 | 188863 | ||
| 003 | SpMaBN | ||
| 005 | 20240102130701.0 | ||
| 008 | 190219s1983 sp a |||| | spa d | ||
| 020 | _a84-255-0657-3 | ||
| 080 | _a639.124 | ||
| 100 | 1 |
_aVaquero Amor, Damián Fermín. _9166375 |
|
| 245 | 1 | 0 |
_aPerdices _b: manual práctico de su cría, enseñanza y caza / _cpor Damián Fermín Vaquero Amor ; prólogo por Juan de Córdoba. |
| 260 |
_aBarcelona : _bHispano Europea, _c[1983] |
||
| 300 |
_a289 p. : _bil. ; _c22 cm. |
||
| 490 | 1 |
_aHerakles. _aBiblioteca enciclopédica de los deportes. _aSerie C-caza |
|
| 599 | _aEn port.: Con 31 ilustraciones fotográficas y 5 dibujos. | ||
| 650 | 7 |
_aPerdices. _9166376 |
|
| 830 | 0 |
_aHerakles. _aBiblioteca enciclopédica de los deportes. _aSerie C-caza _9225733 |
|
| 852 |
_aES-MaACL _jA-14367 _9195997 _bR.151479 _cDEPO1 _dOlim: N-7367 |
||
| 942 | _2udc | ||
| 999 |
_c188863 _d188863 |
||